00736nam a2200253Ia 4500001000900000003000500009005001700014008004100031010001100072020001800083040000900101082002300110100002300133245008900156250001100245260003700256300001900293500005900312503000800371504002800379650002200407650001900429700003400448dia_3559CHAP20251023174038.0220117s2004 xx 000 0 und d a174018 a970-10-4484-3 cCHAP a660.28427 C46 2004 aÇengel, Yunus A. aTransferencia de calor /c Yunus A. Çengel ; traducción José Hernán Pérez a2a ed. aMéxico :b McGraw-Hill,c2004 axxviii, 793 p. aTítulo original: Heat transfer, a practical approach aC/e aIncluye bibliografías aTermodinámica  aThermodynamics aHernán Pérez, José, tr.